00500nam a2200193 a 4500001001300000003000900013005001700022008004100039020001000080082001500090100001500105245006200120260003600182300000900218500003500227505001000262650001900272700001500291nice12345678IN_TiNIC20260116013014.0050524s1900 lona grp 000 0 eng  ac10000a274.2bCAP aCapes, W W aEnglish Church in the Fourtheenth and Fifteenth Centuries aLondonbMacmillan and Co.c1900 a391p aincludes index and biblioraphy2 aIndex aChurch-England1 aCapes, W W